00678nam a2200205Ia 4500008004100000020001500041082001800056100002100074245003500095250000800130260002500138300001300163500002400176650001500200700002100215942000700236952010700243952010700350999001500457230524s9999 xx 000 0 und d a8122409970 a621.3216bBHA aS.K.Bhattacharya 0aControl of Electrical Machines a1ST aNEW DELHIbNAIc2002 aXIII;356 aQuantity Number: 2 aElectrical a Brijinder Signh cBK 00104070aTATCLbTATCLcGENd2023-05-24l0o621.3216 BHAp6468r2023-05-24w2023-05-24yBKzPCEE4203 00104070aTATCLbTATCLcGENd2023-05-24l0o621.3216 BHAp6685r2023-05-24w2023-05-24yBKzPCEE4203 c6597d6597